Peter pan / (Record no. 177378)

MARC details
000 -LEADER
fixed length control field 00915nam a22002177a 4500
005 - DATE AND TIME OF LATEST TRANSACTION
control field 20210407142300.0
010 ## - LCCN (DPL NO)
LC control number B-739330-332 B-739710
020 ## - INTERNATIONAL STANDARD BOOK NUMBER
International Standard Book Number 9789389136470
Terms of availability 295.00
035 ## - SYSTEM CONTROL NUMBER
System control number B-739330-332
035 ## - SYSTEM CONTROL NUMBER
System control number B-739710
037 ## - SOURCE OF ACQUISITION
Source of stock number/acquisition Niyogi Books
082 ## - DEWEY DECIMAL CLASSIFICATION NUMBER
Classification number S
100 ## - MAIN ENTRY--PERSONAL NAME
Personal name Barrie, J.M.
245 ## - TITLE STATEMENT
Title Peter pan /
Statement of responsibility, etc by J.M. Barrie
260 ## - PUBLICATION, DISTRIBUTION, ETC. (IMPRINT)
Name of publisher, distributor, etc Niyogi Books
Place of publication, distribution, etc New Delhi
Date of publication, distribution, etc 2020
270 ## - ADDRESS
Address Block D, Building No. 77, Okhla Industrial Area, Phase-I
City New Delhi
Postal code 110020
300 ## - PHYSICAL DESCRIPTION
Extent 265p.:
Dimensions 19cm(Hb)
Other physical details ill.
942 ## - ADDED ENTRY ELEMENTS (KOHA)
Source of classification or shelving scheme Dewey Decimal Classification
Item type Children Books
Call number suffix BAR
Classification part S
Holdings
Withdrawn status Lost status Not for loan Collection code Home library Current library Date acquired Source of acquisition Cost, normal purchase price Full call number Barcode Copy number Cost, replacement price Koha item type Public note
      Fiction Central Library Central Library 07/04/2021 Gift/Eng/05-04-2021 295.00 S BAR B-739710 1 295.00 Children Books Gift
      Fiction Mobile Library Mobile Library 22/03/2021 Niyogi Books/NB/2020-21/2263/03-03-2021/31/03-03-2021/15-03-2021 295.00 S BAR B-739330 3 295.00 Children Books  
      Fiction Mobile Library Mobile Library 22/03/2021 Niyogi Books/NB/2020-21/2263/03-03-2021/31/03-03-2021/15-03-2021 295.00 S BAR B-739331 3 295.00 Children Books  
      Fiction Mobile Library Mobile Library 22/03/2021 Niyogi Books/NB/2020-21/2263/03-03-2021/31/03-03-2021/15-03-2021 295.00 S BAR B-739332 3 295.00 Children Books  

© Delhi Public Library
Hit Counter
free hit counter